[Event "Jonkoping op"]
[Site "Jonkoping"]
[Date "1988.??.??"]
[Round "3"]
[White "Burman, Anders"]
[Black "Brynell, Stellan"]
[Result "0-1"]
[WhiteElo "1880"]
[BlackElo "2441"]
[PlyCount "44"]
[EventDate "1988.??.??"]
[EventType "swiss"]
[EventRounds "7"]
[EventCountry "SWE"]
[SourceTitle "EXT 2001"]
[Source "ChessBase"]
[SourceDate "2000.11.22"]
[SourceVersion "1"]
[SourceVersionDate "2000.11.22"]
[SourceQuality "1"]

1. Nf3 Nf6 2. d4 d6 3. Bg5 Nbd7 4. Nbd2 h6 5. Bf4 Nh5 6. Bg3 g6 7. e3 Bg7 8. Bd3 e5 9. c3 Nxg3 10. hxg3 Qe7 11. Kf1 Nf6 12. Qc2 Bd7 13. Rd1 0-0-0 14. Be2 e4 15. Ne1 h5 16. Qb3 h4 17. gxh4 g5 18. Qa3 Kb8 19. Nc4 gxh4 20. Ne5 Bc8 21. Ba6 Ka8 22. Nc4 bxa6 0-1

[Event "Jonkoping op"]
[Site "Jonkoping"]
[Date "1988.??.??"]
[Round "5"]
[White "Burman, Anders"]
[Black "Ljungqvist, Lennart"]
[Result "0-1"]
[WhiteElo "1880"]
[BlackElo "2220"]
[PlyCount "186"]
[EventDate "1988.??.??"]
[EventType "swiss"]
[EventRounds "7"]
[EventCountry "SWE"]
[SourceTitle "EXT 2001"]
[Source "ChessBase"]
[SourceDate "2000.11.22"]
[SourceVersion "1"]
[SourceVersionDate "2000.11.22"]
[SourceQuality "1"]

1. Nf3 d5 2. d4 Nf6 3. Bg5 e6 4. Nbd2 Be7 5. e3 b6 6. c3 Bb7 7. Ne5 Nfd7 8. Bxe7 Qxe7 9. f4 0-0 10. Bd3 Nxe5 11. fxe5 Qg5 12. Qe2 Nd7 13. 0-0-0 f5 14. exf6 Nxf6 15. Nf3 Qh5 16. Rdf1 c5 17. Rhg1 c4 18. Bb1 b5 19. g4 Qe8 20. Ne5 Qe7 21. g5 Ne4 22. g6 Rxf1+ 23. Rxf1 hxg6 24. Bxe4 dxe4 25. Rf7 Qxf7 26. Nxf7 Kxf7 27. Qf2+ Kg8 28. Qg3 a6 29. Qxg6 Bd5 30. Kd2 a5 31. h4 b4 32. h5 Kf8 33. Qg5 bxc3+ 34. Kxc3 a4 35. Qf4+ Kg8 36. Kb4 Kh7 37. Qg3 Rf8 38. Qg6+ Kh8 39. Qg5 Rb8+ 40. Ka3 Ra8 41. Qe5 Kh7 42. Qg3 Kh8 43. Qg6 Rf8 44. h6 gxh6 45. Qxh6+ Kg8 46. Qg5+ Kf7 47. Qf4+ Ke7 48. Qc7+ Kf6 49. Kb4 Rf7 50. Qf4+ Kg6 51. Qg3+ Kf6 52. Kc5 Rb7 53. Qf2+ Ke7 54. Qh2 Kd7 55. Qd6+ Kc8 56. Qa6 Kb8 57. Qxa4 Rxb2 58. Qa3 Rb7 59. Qc3 Rc7+ 60. Kd6 Rb7 61. Qc2 Rb6+ 62. Ke5 Kb7 63. Kf4 Rb4 64. Qc3 Ra4 65. Qb2+ Kc7 66. Ke5 Ra6 67. Kf6 Rb6 68. Qa3 Rb7 69. Qa5+ Kb8 70. Ke5 Ra7 71. Qd8+ Kb7 72. a4 Ra6 73. a5 Rc6 74. Qe7+ Ka6 75. Qa3 c3 76. Kf4 c2 77. Qc1 Kxa5 78. Kg3 Ka4 79. Kf2 Kb3 80. Ke1 Rc3 81. Kd2 Rd3+ 82. Ke1 Rd1+ 83. Qxd1 cxd1Q+ 84. Kxd1 Kc3 85. Ke2 Kc2 86. Kf2 Kd2 87. Kf1 Kxe3 88. Ke1 Kxd4 89. Ke2 e5 90. Ke1 Ke3 91. Kd1 Bb3+ 92. Ke1 Kf3 93. Kd2 Kf2 0-1

[Event "Jonkoping op"]
[Site "Jonkoping"]
[Date "1988.??.??"]
[Round "6"]
[White "Vammrud, Kjell"]
[Black "Burman, Anders"]
[Result "0-1"]
[WhiteElo "2008"]
[BlackElo "1880"]
[PlyCount "44"]
[EventDate "1988.??.??"]
[EventType "swiss"]
[EventRounds "7"]
[EventCountry "SWE"]
[SourceTitle "EXT 2001"]
[Source "ChessBase"]
[SourceDate "2000.11.22"]
[SourceVersion "1"]
[SourceVersionDate "2000.11.22"]
[SourceQuality "1"]

1. d4 Nf6 2. Nf3 c5 3. c4 cxd4 4. Nxd4 e5 5. Nf3 Nc6 6. Nc3 Bc5 7. e3 0-0 8. a3 a5 9. Be2 Re8 10. 0-0 d6 11. e4 Be6 12. Bg5 h6 13. Bh4 g5 14. Nxg5 hxg5 15. Bxg5 Kg7 16. Kh1 Rh8 17. Qd3 Qg8 18. Qg3 Nh5 19. Qh4 Qh7 20. Nd5 Bxd5 21. cxd5 Nd4 22. Bg4 Qg6 0-1